000
00342nam a2200133Ia 4500
008
100328s9999 xx 000 0 und d
082
_b
36275
100
_a
कर्णिक हेमन.
245
_a
नंबर वन
260
_b
राहुल
630
_a
नंबर वन
730
_a
नंबर वन
942
_c
BOOK
999
_c
525980
_d
525977